|
|
|
|
| LEADER |
00000nam0a2200000 4500 |
| 001 |
254274 |
| 005 |
20231101232924.0 |
| 010 |
|
|
|a 5724503050
|
| 020 |
|
|
|a RU
|b 89-53691
|
| 035 |
|
|
|a (RuTPU)RU\TPU\book\276710
|
| 090 |
|
|
|a 254274
|
| 100 |
|
|
|a 20140319d1989 km y0rusy5003 ca
|
| 101 |
0 |
|
|a rus
|
| 102 |
|
|
|a RU
|
| 105 |
|
|
|a y z 000zy
|
| 200 |
1 |
|
|a Основы экономики и эффективности химического производства
|f В. В. Мурашко
|
| 210 |
|
|
|a Москва
|c Химия
|d 1989
|
| 215 |
|
|
|a 80 с.
|
| 225 |
1 |
|
|a Библиотечка молодого рабочего
|
| 606 |
1 |
|
|a Химические заводы
|x Экономика
|2 stltpush
|3 (RuTPU)RU\TPU\subj\30861
|9 53882
|
| 610 |
1 |
|
|a государственные предприятия
|
| 610 |
1 |
|
|a управление
|
| 610 |
1 |
|
|a планирование
|
| 610 |
1 |
|
|a производственные мощности
|
| 610 |
1 |
|
|a расчет
|
| 610 |
1 |
|
|a труд
|
| 610 |
1 |
|
|a нормирование
|
| 610 |
1 |
|
|a рабочее время
|
| 610 |
1 |
|
|a затраты
|
| 610 |
1 |
|
|a оплата
|
| 610 |
1 |
|
|a премирование
|
| 610 |
1 |
|
|a производительность
|
| 610 |
1 |
|
|a продукция
|
| 610 |
1 |
|
|a себестоимость
|
| 610 |
1 |
|
|a прибыль
|
| 610 |
1 |
|
|a рентабельность
|
| 610 |
1 |
|
|a социалистическое соревнование
|
| 610 |
1 |
|
|a хозяйственный расчет
|
| 675 |
|
|
|a 66:658
|v 3
|
| 700 |
|
1 |
|a Мурашко
|b В. В.
|g Виталий Владимирович
|4 070
|
| 801 |
|
0 |
|a RU
|b RuMRKP
|c 19950417
|g psbo
|
| 801 |
|
1 |
|a RU
|b 63413507
|c 20140319
|
| 801 |
|
2 |
|a RU
|b 63413507
|c 20140514
|g RCR
|
| 942 |
|
|
|c BK
|